000
00306nam a2200109Ia 4500
008
220204s9999 xx 000 0 und d
082
_a
631.82
_b
BRA
100
_a
VRADY, N C
245
0
_a
Summary of research to increase efficiency of chemical fertilisers.
260
_a
Philippines
_b
IRRI
_c
1974
942
_c
BK
999
_c
23593
_d
23593